000 00498nam a2200121Ia 4500
008 220615s9999||||xx |||||||||||||| ||und||
100 _aOana-Maria Boldura||Cornel Baltă
245 0 _aElectrophoresis - Life Sciences Practical Applications
546 _aEnglish[eng]
650 _aPhysical Sciences||Engineering and Technology||Chemistry||Analytical Chemistry||Bioorganic Chemistry
856 _uhttps://www.intechopen.com/books/electrophoresis-life-sciences-practical-applications
942 _cEB
999 _c19002
_d19002